000 00327nam a2200109Ia 4500
008 171211s9999 xx 000 0 und d
245 4 _aThe Cambridge Introduction to Margaret Atwood
245 _cDr Heidi Slettedahl Macpherson
260 _c2010
650 _xCULTURE
856 _uhttp://down.ebook777.com/061/9780521694636.pdf
999 _c347858
_d347858